| 000 | 00758nam a2200253Ia 4500 | ||
|---|---|---|---|
| 003 | OSt | ||
| 005 | 20220928115641.0 | ||
| 006 | a|||||r|||| 00| 0 | ||
| 007 | ta | ||
| 008 | 220927b |||||||| |||| 00| 0 eng d | ||
| 020 | _cUSD 140.00 | ||
| 024 | _a143493 | ||
| 037 |
_b275, 17/03/2020, Classic Book Service _cTextual |
||
| 040 |
_aSDCL _cSDCL _beng |
||
| 041 |
_2eng _aeng |
||
| 082 | _aX:8C.1'P, Q5 | ||
| 100 |
_aHuang Jing Ed. _9445359 |
||
| 245 | 0 | _aInternational financial reporting standards | |
| 260 |
_aNew York _b Arcler Press _c2015 |
||
| 300 |
_axi,291p. _ccm. |
||
| 650 | _aFinancial Studies | ||
| 942 |
_hX:8C.1'P, Q5 _cTEXL _2CC |
||
| 999 |
_c760316 _d760316 |
||